MARC

LEADER 00000nam0a2200000 4500
001 279658
005 20231101235230.0
020 |a RU  |b 86-55412 
035 |a (RuTPU)RU\TPU\book\302963 
090 |a 279658 
100 |a 20141222d1986 k y0rusy5003 ca 
101 0 |a rus 
102 |a RU 
105 |a a z 001zy 
200 1 |a Бескорневые неотектонические структуры  |f Р. Б. Крапивнер 
210 |a Москва  |c Недра  |d 1986 
215 |a 204 с.  |c ил. 
320 |a Библиогр.: с. 200-202 (50 назв.) 
606 1 |a Тектоника  |2 stltpush  |3 (RuTPU)RU\TPU\subj\58770  |9 76521 
610 1 |a тектонические структуры 
610 1 |a осадочные чехлы 
610 1 |a терригенные породы 
610 1 |a складчатость 
675 |a 551.248.2  |z rus  |v 4 
700 1 |a Крапивнер  |b Р. Б.  |g Рудольф Борисович  |4 070 
801 0 |a RU  |b RuMRKP  |c 19950704  |g psbo 
801 1 |a RU  |b 63413507  |c 20141222 
801 2 |a RU  |b 63413507  |c 20180202  |g RCR 
942 |c BK